000 00483nam a2200181Ia 4500
005 20250326124012.0
008 250326s9999 xx 000 0 und d
037 _aTextbook
040 _aFMSL
_beng
_cFMSL
041 _aeng
_2eng
084 _aX L12
_qFMSL
100 _aFord A G
_9267462
245 0 _aIncome, spending and the price level
_cFord A G
260 _aLondon
_bLondon, Fontana
_c1971
300 _a255p
942 _cTB
_hX L12
999 _c1271844
_d1271844